18 Prostych pytań - Państwa - Statystyki

Ogólne statystyki
  • Ten quiz został rozwiązany 292 razy
  • Średni wynik to 8 z 18
Statystyki odpowiedzi
Zagadnienie Odpowiedź % Poprawnych
Jedyne państwo graniczące z Portugalią? Hiszpania
93%
Najmniejsze państwo Świata? Watykan
93%
Państwo uważane za jedyny kraj na ziemi, w którym nie ma komarów? Islandia
71%
"Kolonia" jest to miasto położone w ? Niemczech
71%
W jakim państwie leży Acapulco? Meksyk
64%
Hanoi to stolica jakiego państwa? Wietnamu
64%
Największe państwo Afryki? Algieria
50%
Najczęściej odwiedzane państwo w 2019 roku? Francja
50%
Jedyne Państwo które wydało pieniądze w 2020 roku na wybory które się nie odbyły? Polska
50%
Które państwo dołączyło do NATO w 2020 roku? Macedonia Północna
36%
Dwa największe państwa leżące nad Morzem Tasmana Australia i Nowa Zelandia
29%
Znanymi symbolami tego państwa są: bóbr, nur lodowiec, motyl monarch, Królewska Policja Konna i bernikla? Kanada
29%
Państwo z największą liczbą konii? Stany Zjednoczone
29%
Państwo z największą liczbą wysp? Szwecja
29%
Jestem w Ndżamenie. W jakim państwie się znajduję? Czad
21%
Państwo ze stolicą w Bagdadzie? Irak
21%
Najmniejsze państwo Afryki? Seszele
21%
Najbiedniejsze państwo świata (wskaźnik PKB per capita w 2019r. wyniósł zaledwie 785 dolarów)? Burundi
14%
Nie znaleziono quizów pasujących do podanych kryteriów
Rozkład punktacji
Procent ludzi z każdym wynikiem
Percentyl według liczby udzielonych odpowiedzi
Twoja historia wyników
Nie rozwiązałeś tego quizu